000 00333nam a2200133Ia 4500
008 150201s2006 xx 000 0 und d
082 _a616.8
_bP06B
100 _aBATRA,LALIT
245 _aSHORT TB OF PSYCHIATRY FOR UNDERGRADUATE STUDENTS
250 _a1ST
260 _bPEEPEE
_aDELHI
_c2006
650 _aPSYCHIATRY
942 _2ddc
_cBK
999 _c653
_d653